Großstädte Belgiens - Statistiken

Allgemein
  • Dieses Quiz wurde 142 mal gespielt
  • Das Durchschnittsergebnis liegt bei 6 aus 10
Antwortstatistiken
Einwohnerzahl Stadt % Korrekt
188.737 Brüssel
98%
530.630 Antwerpen
95%
265.086 Gent
89%
118.509 Brügge
80%
195.278 Lüttich
75%
202.421 Charleroi
58%
122.547 Anderlecht
41%
112.559 Namur
30%
102.236 Löwen
29%
130.690 Schaerbeek
6%
Keine übereinstimmenden Quizze gefunden
Verteilung der Resultate
Anzahl Personen mit jedem Resultat
Perzentil nach korrekt beantworteten Fragen
Ihre Resultats-Entwicklung
Sie haben dieses Quiz noch nicht gespielt